Homoeopathy : a patient's guide

Bibliographic Details
Main Author: Clover, Anne, Dr
Format: Book
Published: England : Thorsons Publishers Limited , 1984
Subjects:

MARC

LEADER 00000cam a2200000 7i4500
001 0000075993
005 20171017.0
008 171017
020 |a 0722508921 
090 0 0 |a 615.532   |b CLO 
100 0 |a Clover, Anne, Dr 
245 1 0 |a Homoeopathy :   |b a patient's guide   |c Dr Anne Clover 
260 |a England :   |b Thorsons Publishers Limited ,   |c 1984 
300 |a 110pg. 
650 0 |a Homoeopathy 
999 |a 0000140539   |b Book   |c Adult Collection   |e Cawangan Muar